SQL, PL/SQL The programming language of oracle (Record no. 3685)

MARC details
000 -LEADER
fixed length control field 00473nam a22001817a 4500
005 - DATE AND TIME OF LATEST TRANSACTION
control field 20210909130244.0
008 - FIXED-LENGTH DATA ELEMENTS--GENERAL INFORMATION
fixed length control field 160623b xxu||||| |||| 00| 0 eng d
020 ## - INTERNATIONAL STANDARD BOOK NUMBER
ISBN 81-7656-9611-X
041 ## - LANGUAGE CODE
Language code of text/sound track or separate title eng
082 ## - DEWEY DECIMAL CLASSIFICATION NUMBER
Item number 9373
Classification number 005.13
100 ## - MAIN ENTRY--AUTHOR NAME
Personal name BayRoss, Ivan
245 ## - TITLE STATEMENT
Title SQL, PL/SQL The programming language of oracle
250 ## - EDITION STATEMENT
Edition statement 3rd revised ed.
260 ## - PUBLICATION, DISTRIBUTION, ETC. (IMPRINT)
Name of publisher BPB publications
Place of publication new delhi
300 ## - PHYSICAL DESCRIPTION
Number of Pages 443
650 ## - SUBJECT ADDED ENTRY--TOPICAL TERM
Topical Term information Technology
942 ## - ADDED ENTRY ELEMENTS (KOHA)
Koha item type Books
Holdings
Lost status Damaged status Collection code Home library Current library Shelving location Date acquired Cost, normal purchase price Full call number Accession Number Koha item type
    CS/IT JRU Library JRU Library SHELF-54-F 23/06/2016 360.00 005.133 9373 Books
    Reference JRU Library   SHELF-30-C 23/06/2016 360.00 9374 9374 Books
    CS/IT JRU Library JRU Library SHELF-54-F 23/06/2016 360.00 005.133 9375 Books
    CS/IT JRU Library JRU Library SHELF-54-F 23/06/2016 360.00 005.133 9376 Books